Crop physiology : applications for genetic improvement and agronomy /

Guardado en:
Autor Principal: Sadras, Víctor.
Otros Autores: Calderini, Daniel F.
Formato: Libro
Idioma:English
Publicado: Amsterdam ... [etc.] : Elsevier, c2009.
Acceso en línea:Tabla de contenidos
Etiquetas: Agregar Etiqueta
Sin Etiquetas, Sea el primero en etiquetar este registro!
LEADER 00714nam a22001815a 4500
001 EEA.libagro008484
008 130809s2009####ne#a##########000#0#eng#d
005 20191101082734.0
245 1 0 |a Crop physiology :  |b applications for genetic improvement and agronomy /  |c Victor O. Sadras, Daniel F. Calderini. 
260 |a Amsterdam ... [etc.] :  |b Elsevier,  |c c2009. 
300 |a 582 p. :  |b il. ;  |c 24 cm. 
020 |a 9780123744319 
100 1 |a Sadras, Víctor. 
700 1 |a Calderini, Daniel F. 
082 0 4 |a 581.1 
856 |3 Tabla de contenidos  |u http://www.sciencedirect.com/science/book/9780123744319 
859 |a AR-BbBCA  |b BIB. AGRONOMIA  |h 581.1  |i S126  |p 2010/5811 
859 |a AR-BbBCA  |b BIB. AGRONOMIA  |h 581.1  |i S126  |p 2011/5897  |t Ej.2